| 000 | 00571nam a22001577a 4500 | ||
|---|---|---|---|
| 003 | OSt | ||
| 005 | 20251203093511.0 | ||
| 008 | 251203b |||||||| |||| 00| 0 eng d | ||
| 040 |
_aDWCL-Main lib _cOC |
||
| 082 | _aFil. 657.45 P552 2005 | ||
| 110 | _aAuditing Standards and Practices Council | ||
| 245 |
_aPhilippine Standards on auditing and Philippine auditing practice statements vol. 2 _cAuditing Standards and Practices Council |
||
| 260 |
_aManila : _bDomdane Publishers & Made Easy Books, _cc2005. |
||
| 300 |
_a366 pages ; _c25 cm. |
||
| 942 |
_2ddc _cBK - FIL _kFil. _n0 |
||
| 999 |
_c6729 _d6729 |
||